| 000 | 00438nam a22001691a 4500 | ||
|---|---|---|---|
| 003 | NEGST | ||
| 005 | 20110718133827.0 | ||
| 008 | 030714s1993 001 0 eng d | ||
| 020 | _a1565071662 | ||
| 100 | 1 | _aTraylor, Ellen Gunderson. | |
| 245 | 1 | 0 | _aSamson /. |
| 260 |
_aEugene : _bHarvest House Publishers, _c1993. |
||
| 300 | _a351p. | ||
| 590 | _aAccession number: 30571 | ||
| 630 | 0 | 0 |
_aBible. O.T. Fiction _xSamson. |
| 999 |
_c42599 _d42575 |
||